00777nam a2200217 a 450000100100000000500170001000800410002702000150006804000250008308200280010824500970013625000110023326000360024430000280028050000550030850000650036365000370042865000270046565000330049270000340052500000758520250219074027.0090909t2004 dr c 001 p spa d z994510005X aDO-SdBNPbspacBNPHU aRD861.4408bS677r, 200400aSobre rieles :bantología de poetas de la provincia La Romana /ccompilador Isael Pérez. a2a ed. aSanto Domingo :bBúho,c2004. a243 p. :bil. ;c21 cm. aIncluye datos biográficos de autor en la solapa. aIncluye síntesis biográficas de los autores antologados. 4aPoesía dominicanaxColecciones 0aLiteratura dominicana. 4aPoetas dominicanosxSiglo xx1 aPérez, Isael,d1961-ecomp.